<?xml version="1.0" encoding="UTF-8"?>
<marc:record xmlns:marc="http://www.loc.gov/MARC21/slim">
   <marc:leader>00000nam a2200000 a 4500</marc:leader>
   <marc:datafield ind1="1" ind2=" " tag="100">
      <marc:subfield code="a">Morgenthau, Lena</marc:subfield>
      <marc:subfield code="4">ctb</marc:subfield>
      <marc:subfield code="e">Mitwirkende/-r</marc:subfield>
   </marc:datafield>
   <marc:datafield ind1=" " ind2=" " tag="653">
      <marc:subfield code="a">Lernen/Unterrichtsvorbereitung/Kita</marc:subfield>
   </marc:datafield>
   <marc:datafield ind1=" " ind2=" " tag="653">
      <marc:subfield code="a">Vorschule</marc:subfield>
   </marc:datafield>
   <marc:datafield ind1="0" ind2="0" tag="245">
      <marc:subfield code="a">Bildkarten zur Sprachförderung</marc:subfield>
   </marc:datafield>
   <marc:datafield ind1=" " ind2="1" tag="264">
      <marc:subfield code="a">Mülheim</marc:subfield>
      <marc:subfield code="b">Verlag an der Ruhr</marc:subfield>
      <marc:subfield code="c">2008</marc:subfield>
   </marc:datafield>
   <marc:datafield ind1="1" ind2=" " tag="520">
      <marc:subfield code="a">Angaben aus der Verlagsmeldung

Einzahl – Mehrzahl / von Lena Morgenthau

Heißt es Legosteine? Oder Legosteins? Der Stein, die Stein oder das Stein? Dieses Kartenset eignet sich besonders für nicht-muttersprachliche Kinder, die bei der Pluralbildung und dem richtigen Artikel noch Probleme haben. Jeweils zwei Motive gehören zusammen: Das Einzahl-Motiv lässt sich immer auch auf dem Mehrzahl-Motiv wiederfinden. So schulen Sie gleichzeitig die visuelle Wahrnehmung der Kinder und schaffen vielfältige Gesprächsanlässe.
</marc:subfield>
   </marc:datafield>
   <marc:datafield ind1=" " ind2=" " tag="020">
      <marc:subfield code="a">9783834603579</marc:subfield>
      <marc:subfield code="9">9783834603579</marc:subfield>
   </marc:datafield>
   <marc:datafield ind1=" " ind2=" " tag="041">
      <marc:subfield code="a">ger</marc:subfield>
   </marc:datafield>
   <marc:datafield ind1=" " ind2=" " tag="300">
      <marc:subfield code="a">27 S.</marc:subfield>
   </marc:datafield>
</marc:record>
